Le Quiz des Logos : Tout est ROUGE ! - Statistiques

Statistiques générales
  • Ce quiz a été pris 153 fois
  • Le résultat moyen est 8 sur 12
Statistiques - réponses
Par images Réponse % Correct
Netflix
99%
Tesla
95%
Pinterest
92%
RedBull
92%
Youtube
92%
Shell
78%
Canon
75%
Mitsubishi
61%
Adobe
59%
Vodafone
33%
Target
28%
Swiss
24%
Aucun quiz correspondant
Distribution des résultats
% des personnes avec chaque résultat
Percentile par nombre de réponses
Votre historique - résultats
Vous n’avez pas pris ce quiz